Top 100 Baby Girl Names in USA in 2024 - Statistics

General Stats
  • This quiz has been taken 947 times
  • The average score is 50 of 100
Answer Stats
Rank Name % Correct
2 Emma
91%
1 Olivia
91%
18 Emily
85%
79 Anna
80%
3 Charlotte
80%
15 Elizabeth
80%
7 Isabella
80%
12 Sofia
80%
5 Sophia
80%
20 Lily
79%
8 Ava
78%
91 Sarah
78%
32 Ella
76%
39 Grace
76%
48 Hannah
76%
6 Mia
75%
4 Amelia
74%
26 Chloe
71%
82 Maria
70%
37 Zoe
70%
9 Evelyn
68%
45 Victoria
68%
36 Madison
67%
60 Sophie
65%
24 Aria
64%
31 Abigail
63%
11 Harper
62%
27 Ellie
61%
40 Lucy
61%
65 Alice
58%
29 Avery
58%
10 Luna
58%
25 Nora
58%
23 Penelope
57%
41 Willow
56%
28 Mila
55%
16 Violet
55%
33 Isla
54%
38 Ivy
54%
62 Addison
53%
53 Leah
53%
55 Lillian
53%
50 Maya
53%
63 Natalie
52%
43 Riley
52%
14 Eleanor
51%
66 Ruby
50%
21 Gianna
49%
90 Hailey
49%
30 Layla
49%
17 Scarlett
49%
96 Ariana
48%
100 Allison
47%
99 Clara
47%
74 Audrey
46%
46 Stella
46%
83 Caroline
45%
67 Claire
44%
89 Gabriella
44%
19 Hazel
44%
94 Madeline
44%
22 Aurora
43%
81 Jade
43%
85 Quinn
43%
87 Vivian
43%
44 Naomi
42%
13 Camila
40%
84 Brooklyn
38%
47 Elena
38%
78 Iris
38%
92 Savannah
38%
93 Cora
37%
52 Delilah
37%
64 Josephine
37%
35 Nova
37%
86 Aaliyah
36%
75 Autumn
36%
95 Natalia
36%
59 Sadie
36%
34 Eliana
33%
69 Everly
33%
42 Emilia
32%
77 Eden
31%
72 Kennedy
31%
97 Lydia
31%
71 Adeline
30%
88 Liliana
30%
80 Eloise
29%
56 Paisley
27%
49 Valentina
26%
51 Zoey
26%
73 Maeve
23%
76 Athena
20%
57 Genesis
19%
98 Lyla
19%
70 Emery
18%
68 Kinsley
18%
61 Leilani
16%
58 Madelyn
16%
54 Lainey
13%
No matching quizzes found
Score Distribution
Percent of People with Each Score
Percentile by Number Answered
Your Score History
You have not taken this quiz